[Event "Bezirksliga Oberbayern 1819"]
[Site "Bayern"]
[Date "2018.11.25"]
[Round "3.5"]
[White "Meier, Desiderius"]
[Black "Azemovic, Almir"]
[Result "0-1"]
[WhiteElo "2096"]
[BlackElo "2041"]
[PlyCount "74"]
[EventDate "2018.10.21"]
[EventType "team-tourn"]
[EventRounds "9"]
[EventCountry "GER"]
[SourceTitle "EXT 2022"]
[Source "ChessBase"]
[SourceDate "2021.10.06"]
[SourceVersion "1"]
[SourceVersionDate "2021.10.06"]
[SourceQuality "1"]
[WhiteTeam "Graefelfing SK"]
[BlackTeam "Moosburg SC"]
[WhiteTeamCountry "GER"]
[BlackTeamCountry "GER"]

1. e4 d6 2. d4 Nf6 3. Nc3 g6 4. Be3 Bg7 5. Qd2 0-0 6. f3 Nc6 7. 0-0-0 a6 8. Bh6 b5 9. h4 e5 10. d5 Na5 11. g4 Nd7 12. Kb1 Bxh6 13. Qxh6 Qf6 14. Nh3 Qg7 15. Qd2 h6 16. Bd3 Nb6 17. Qf2 b4 18. Ne2 Nac4 19. Ng3 a5 20. Qe2 Ba6 21. Ka1 a4 22. b3 axb3 23. cxb3 Nxd5 24. bxc4 Nc3 25. Qe1 d5 26. Rd2 dxc4 27. Bb1 Nxb1 28. Qxb1 c3 29. Rg2 Rfb8 30. Qb3 c5 31. Rhh2 Bd3 32. Qd5 c4 33. Nf2 Rd8 34. Qb7 f6 35. Qxg7+ Kxg7 36. Nxd3 cxd3 37. Kb1 d2 0-1